| 000 | 00530nam a2200169 i 4500 | ||
|---|---|---|---|
| 001 | 96081 | ||
| 003 | ES-MaACL | ||
| 005 | 20230906181832.0 | ||
| 008 | 050610s1910 sp |||| | spa d | ||
| 100 | 1 |
_aMadinaveitia, Juan. _975323 |
|
| 245 | 1 | 0 |
_aEnfermedades del esófago y del estómago / _cJuan Madinaveitia. |
| 260 |
_aMadrid : _b[s.n.], _c1910 ( _fImp. de Fortanet) |
||
| 300 |
_a389 p. ; _c22 cm. |
||
| 650 | 4 |
_aEsófago- _xEnfermedades. _9147057 |
|
| 650 | 4 |
_aEstómago- _xEnfermedades. _9136069 |
|
| 852 |
_aES-MaACL _jF-13326 |
||
| 999 |
_c96081 _d96081 |
||